| 000 -LEADER |
| fixed length control field |
00802nam a22001337a 4500 |
| 040 ## - CATALOGING SOURCE |
| Transcribing agency |
RUA |
| 082 ## - DEWEY DECIMAL CLASSIFICATION NUMBER |
| Classification number |
AGR HOU 2011 B050 Or.1 |
| 100 ## - MAIN ENTRY--AUTHOR NAME |
| Personal name |
HOUN, SOTHEARETH |
| 245 ## - TITLE STATEMENT |
| Title |
Effects of weed control on senpidea rice on prateah lang soil conditional in tram kok district,takeo province, ឥទ្ទិពលបច្ចេកទេសកំចាត់ស្មៅចង្រៃលើដំណាំស្រូវសែនពិដោក្នុងលក្ខខណ្ឌដីប្រទះឡាងនៅដើមរដូវវស្សាស្រុកត្រាំកក់ ខេត្តតាកែវ |
| 260 ## - PUBLICATION, DISTRIBUTION, ETC. (IMPRINT) |
| Place of publication |
Phnom Penh |
| Name of publisher |
RUA |
| Year of publication |
2011 |
| 300 ## - PHYSICAL DESCRIPTION |
| Number of Pages |
xi, 46p. |
| Other physical details |
ill. |
| Dimensions |
29cm. |
| 856 ## - ELECTRONIC LOCATION AND ACCESS |
| Uniform Resource Identifier |
https://drive.google.com/file/d/1mv6uDQg0-ieQt4myuVKq_0X6PXVli1jm/view?usp=sharing |
| 942 ## - ADDED ENTRY ELEMENTS (KOHA) |
| Koha item type |
AGR |
| 952 ## - LOCATION AND ITEM INFORMATION (KOHA) |
| Withdrawn status [LOCAL, KOHA] |
0 |
| 952 ## - LOCATION AND ITEM INFORMATION (KOHA) |
| Withdrawn status [LOCAL, KOHA] |
0 |